Europe Tiles - Statistics

General Stats
  • This quiz has been taken 89 times
  • The average score is 42 of 45
Answer Stats
Question Tile Select % Correct
European Microstates Albania No
99%
European Microstates Austria No
99%
European Microstates Belarus No
99%
European Microstates Vatican City Yes
99%
Countries in the United Kingdom Wales Yes
99%
Countries in the United Kingdom Zealand No
99%
Baltic Nations Austria No
97%
European Island Nations Latvia No
97%
European Capitals Lisbon Yes
97%
European Capitals Lucerne No
97%
Baltic Nations San Marino No
97%
Countries in the United Kingdom Scotland Yes
97%
European Island Nations Slovakia No
97%
European Island Nations Slovenia No
97%
Countries in the United Kingdom England Yes
96%
Countries in the United Kingdom Holland No
96%
Countries in the United Kingdom London No
96%
European Island Nations Malta Yes
96%
Countries in the United Kingdom Northern Ireland Yes
96%
Countries in the United Kingdom Cork No
95%
Baltic Nations Estonia Yes
95%
Countries in the United Kingdom Flanders No
95%
Baltic Nations Greece No
95%
European Island Nations Iceland Yes
95%
European Capitals Minsk Yes
95%
European Island Nations Portugal No
95%
European Microstates San Marino Yes
95%
European Island Nations Spain No
95%
Baltic Nations Lithuania Yes
93%
European Island Nations Norway No
93%
European Capitals Valencia No
93%
European Microstates Andorra Yes
92%
Baltic Nations Bulgaria No
92%
Baltic Nations Latvia Yes
92%
European Microstates Liechtenstein Yes
92%
Baltic Nations Slovakia No
91%
Baltic Nations Romania No
89%
European Capitals Tallinn Yes
89%
European Microstates Monaco Yes
88%
European Island Nations Denmark No
87%
European Microstates Montenegro No
87%
European Capitals Munich No
87%
European Capitals St. Petersburg No
87%
European Capitals Ljubljana Yes
84%
European Capitals Valletta Yes
84%
No matching quizzes found
Score Distribution
Percent of People with Each Score
Percentile by Number Answered
Your Score History
You have not taken this quiz